La Justícia de proximitat : àmbits i models / Marta Poblet àmbits i models / Marta Poblet
Descripción Física:
42 p. : quadres ; 30 cm
Colección:
Síntesi (Centre per a la Innovació Local)
; 13
MARC
| LEADER | 00000nam a2200000Ia 4500 | ||
|---|---|---|---|
| 001 | 19412 | ||
| 008 | 160829s2007 xx 000 0 cat d | ||
| 080 | |a FU-5-68 | ||
| 100 | |a Poblet, Marta |9 46082 | ||
| 245 | |a La Justícia de proximitat : |b àmbits i models / Marta Poblet | ||
| 260 | |a Barcelona : |b Diputació de Barcelona. Centre per a la Innovació Local, |c 2007 | ||
| 300 | |a 42 p. : |b quadres ; |c 30 cm | ||
| 490 | 1 | |a Síntesi (Centre per a la Innovació Local) ; |v 13 | |
| 590 | |a Bibliografia | ||
| 650 | |a Jutges de pau |9 46083 | ||
| 650 | 0 | |a Dret comparat |9 23121 | |
| 650 | 0 | |a Justícia |x Administració |9 46085 | |
| 710 | |a Flor de Maig |9 54173 | ||
| 710 | 1 | |a Barcelona (Catalunya : Província). |b Diputació |9 52408 | |
| 710 | 2 | |a Centre per a la Innovació Local |9 54171 | |
| 830 | 0 | |9 56164 |a Síntesi (Centre per a la Innovació Local) |v 13 | |
| 901 | |a Arxiu | ||
| 942 | |n 1 |2 udc | ||
| 952 | |0 0 |1 0 |4 0 |6 FU568 |7 1 |9 52978 |a Arxiu |b Arxiu |d 2016-12-01 |l 0 |o FU-5-68 |p 19412 |r 2016-12-01 00:00:00 |w 2016-12-01 |y ARXIU | ||
| 999 | |c 56827 |d 56827 | ||